=LDR 00000nam 2200000 4500 =001 INLIS000000000007938 =005 20130612095849 =008 ***********************************Ind** =035 ##$$a0010-061300000007938 =041 ##$$a Ind =082 ##$$a 001.42 =090 ##$$a 001.42, Sug m =100 ##$$a Sugiyono =245 ##$$a Metode penelitian administrasi, Sugiono =260 ##$$a 1997 $b Bandung =300 ##$$a 222 hlm, ilus, 21 cm =650 ##$$a Metode penelitian =990 ##$$a 0001/BPAP-NTB/20142014